| 000 | 00786nam a2200229 i 4500 | ||
|---|---|---|---|
| 001 | 169203 | ||
| 003 | ES-MaACL | ||
| 005 | 20250812062541.0 | ||
| 008 | 080822s19591959sp |001 0 spa d | ||
| 080 | _a1 Maritain, Jacques | ||
| 100 | 1 |
_aWilhelmsen, Frederick D. _9116845 |
|
| 245 | 1 | 3 |
_aEl racionalismo de Jacques de Maritain / _cFrederick D. Wilhelmsen. |
| 260 |
_aMadrid : _bAteneo, _c1959. |
||
| 300 |
_a32 p. , [1] h. de lám. ; _c19 cm. |
||
| 490 | 1 |
_aO crece o muere ; _v130 |
|
| 598 | _aN. 130 repetido, con dos tít. distintos del mismo autor. | ||
| 600 | 1 | 4 |
_aMaritain, Jacques. _976903 |
| 610 | 2 | 4 |
_aAteneo de Madrid- _vConferencias- _y1940-1982. _91908 |
| 830 | 1 | 0 |
_aColección "O crece o muere" _v130 _9183476 |
| 852 | 4 |
_aES-MaACL _j2243-F-2 |
|
| 999 |
_c169203 _d169203 |
||